00338nam a2200133Ia 4500008004100000100003600041245004500077250001300122260002600135300000800161650001300169942000700182999001500189190216s9999||||xx |||||||||||||| ||und|| a"Dr.H.C.Mehrotra ,dr.s.p.goyal" 0aIncome Tax Law And Accounts / 49 Th Ed. a49th Ed. bSahithya Bhavanc2008 a656 aCommerce cBK c8273d8273